000 00771nam a2200205 a 4500
008 081125s1996 ||||||||||||||||| || u
020 _a0821334735
050 _aIBRD(08)
100 _aNarayan, Deepa
245 1 0 _aToward participatory reseach
260 _aWashington, D.C.
_bWorld Bank
_c1996
300 _aviii, 265p. : ill.
350 _a0.00
490 _aWorld Bank Ttechnical Papaer
650 _aWATER
650 _aCOMMUNITY DEVELOPMENT--RESEARCH--DEVELOPING COUNTRIES
650 _aWATER RESOURCES DEVELOPMENT--RESEARCH--DEVELOPING COUNTRIES--CITIZEN PARTICIPATION
710 _aWorld Bank
995 _D0.00
_FCBU-MAIN LIBRARY (Kitwe)
_H1
_I0.00
_M1
_UAVAILABLE
_WNov 25, 2008
_ZInternational Publications
999 _c60037
_d60037